Production and operations management. (5th ed.) (Record no. 77227)

MARC details
000 -LEADER
fixed length control field 00822nam a2200205 a 4500
008 - FIXED-LENGTH DATA ELEMENTS--GENERAL INFORMATION
fixed length control field 120416s1992 ||||||||||||||||| || u
020 ## - INTERNATIONAL STANDARD BOOK NUMBER
International Standard Book Number 0030746221
050 ## - LIBRARY OF CONGRESS CALL NUMBER
Classification number TS 155 Gai
100 ## - MAIN ENTRY--PERSONAL NAME
Personal name Gaither, Norman
245 10 - TITLE STATEMENT
Title Production and operations management. (5th ed.)
250 ## - EDITION STATEMENT
Edition statement 5th ed.
260 ## - PUBLICATION, DISTRIBUTION, ETC.
Place of publication, distribution, etc. Fort Worth, TX :
Name of publisher, distributor, etc. Dryden Press
Date of publication, distribution, etc. 1992
300 ## - PHYSICAL DESCRIPTION
Extent xxiv, 886p. : ill.
350 ## -
-- 0.00
490 ## -
-- The Dryden Press series in management science and quantitative methods
650 #0 - SUBJECT ADDED ENTRY--TOPICAL TERM
Topical term or geographic name entry element PRODUCTION MANAGEMENT
650 ## - SUBJECT ADDED ENTRY--TOPICAL TERM
Topical term or geographic name entry element PRODUCTION
995 ## -
-- SHORT LOAN BOOKS
-- 0.00
-- 724831
-- CBU-MAIN LIBRARY (Kitwe)
-- 1
-- 0.00
-- TS 155 Gai
-- 2
-- AVAILABLE
-- 018197
-- Short Loan Collection
995 ## -
-- SHORT LOAN BOOKS
-- 0.00
-- 724832
-- CBU-MAIN LIBRARY (Kitwe)
-- 2
-- 0.00
-- TS 155 Gai
-- 1
-- AVAILABLE
-- 020420
-- Short Loan Collection
999 ## -
-- 77227
-- 77227
Holdings
Withdrawn status Lost status Source of classification or shelving scheme Damaged status Not for loan Permanent Location Current Location Shelving location Date acquired Total Checkouts Full call number Barcode Date last seen Copy number Price effective from Koha item type
          CBU-MAIN LIBRARY, KITWE. CBU-MAIN LIBRARY, KITWE.   04/25/2023   TS 155 Gai 018197 04/25/2023 1 04/25/2023 SHORT LOAN COLLECTION
          CBU-MAIN LIBRARY, KITWE. CBU-MAIN LIBRARY, KITWE.   04/25/2023   TS 155 Gai 020420 04/25/2023 2 04/25/2023 SHORT LOAN COLLECTION